000 00492nam a2200169 i 4500
001 87814
003 ES-MaACL
005 20230906175738.0
007 t|
008 041223s1970 sp ||||1| spa d
100 1 _aKurtz, Harold.
_969067
245 1 3 _aEl segundo reich /
_cHarold Kurtz ; [traducción de Sara Estrada].
260 _aBarcelona :
_bNauta,
_c[1970]
300 _a128 p., 12 lám. :
_bil. ;
_c28 cm.
700 1 _aEstrada, Sara.
_948213
852 _aES-MaACL
_jC-45205
_bR.76912
999 _c87814
_d87814